[Event "First Lady's Cup"]
[Site "Yogyakarta INA"]
[Date "1983.11.23"]
[Round "8"]
[White "Kurajica, Bojan"]
[Black "Henley, Ronald Watson"]
[Result "1/2-1/2"]
[WhiteElo "2525"]
[BlackElo "2525"]
[EventDate "1983.11.13"]
[PlyCount "47"]

1.d4 d5 2.Nf3 Nf6 3.Bf4 c6 4.h3 Qb6 5.Qc1 e6 6.e3 c5 7.Nc3 Bd7 8.Be2 Be7 
9.O-O O-O 10.Bg5 Re8 11.Rd1 h6 12.Bh4 cxd4 13.exd4 Nc6 14.Bd3 Rac8 15.a3 
Nh7 16.Bxe7 Rxe7 17.Qf4 Nf8 18.Re1 Be8 19.Qh4 f6 20.b3 Bf7 21.Qg3 Qc7 22.
Qxc7 Rcxc7 23.Nb5 Rcd7 24.Rad1 1/2-1/2

[Event "First Lady's Cup"]
[Site "Yogyakarta INA"]
[Date "1983.11.23"]
[Round "8"]
[White "Radulov, Ivan"]
[Black "Tarjan, James Edward"]
[Result "0-1"]
[WhiteElo "2490"]
[BlackElo "2535"]
[EventDate "1983.11.13"]
[PlyCount "83"]

1.e4 c5 2.Nf3 d6 3.d4 cxd4 4.Nxd4 Nf6 5.Nc3 a6 6.f4 Nbd7 7.Nb3 b5 8.Bd3 
Bb7 9.Qe2 e5 10.O-O Be7 11.a3 O-O 12.Bd2 Re8 13.Rae1 Rc8 14.Kh1 Nb6 15.
fxe5 dxe5 16.Bc1 Rc7 17.Nd1 Nc4 18.Ne3 Nxe3 19.Bxe3 Rc8 20.Bd2 Qb6 21.Rf5 
Qe6 22.Ref1 Red8 23.Bc3 Nd7 24.Bb4 f6 25.Qe1 Nb6 26.Qg3 Kh8 27.Rh5 Nd7 28.
Rhf5 Nf8 29.Bd2 Ba8 30.h4 Rxd3 31.Qxd3 Rc4 32.Re1 Rxe4 33.Rxe4 Qxf5 34.Re2
Qf1+ 35.Kh2 Ng6 36.h5 Nh4 37.Qd7 h6 38.Qxe7 Bxg2 39.Re1 Qf2 40.Qe8+ Kh7 
41.Qg6+ Nxg6 42.hxg6+ 0-1

[Event "First Lady's Cup"]
[Site "Yogyakarta INA"]
[Date "1983.11.23"]
[Round "8"]
[White "Schmidt, Wlodzimierz"]
[Black "Yusupov, Artur"]
[Result "1/2-1/2"]
[WhiteElo "2450"]
[BlackElo "2555"]
[EventDate "1983.11.13"]
[PlyCount "49"]

1.d4 Nf6 2.c4 e6 3.Nf3 Bb4+ 4.Nbd2 d5 5.e3 O-O 6.Be2 b6 7.O-O Nbd7 8.a3 
Bd6 9.b4 c5 10.Rb1 cxd4 11.Nxd4 Bb7 12.Bb2 Rc8 13.Rc1 Qe7 14.cxd5 Nxd5 15.
Qb3 a6 16.Nc4 Bc7 17.Rc2 b5 18.Nd2 Ne5 19.N4f3 Nd7 20.Rfc1 Bb8 21.Rxc8 
Rxc8 22.Rxc8+ Bxc8 23.Qc2 Bb7 24.Nb3 Qd8 25.Bd3 1/2-1/2

[Event "First Lady's Cup"]
[Site "Yogyakarta INA"]
[Date "1983.11.24"]
[Round "9"]
[White "Lobron, Eric"]
[Black "Gunawan, Ronny"]
[Result "1-0"]
[WhiteElo "2480"]
[BlackElo "2400"]
[EventDate "1983.11.13"]
[PlyCount "81"]

1.e4 e6 2.d4 d5 3.Nd2 Nf6 4.e5 Nfd7 5.Bd3 c5 6.c3 Nc6 7.Ne2 Qb6 8.Nf3 cxd4
9.cxd4 f6 10.exf6 Nxf6 11.O-O Bd6 12.Nc3 O-O 13.Be3 Bd7 14.Rc1 Rac8 15.Re1
Na5 16.Ne5 Qd8 17.Bg5 h6 18.Bh4 g5 19.Bg3 Be8 20.Bb1 Rc7 21.Nd3 Bh5 22.f3 
Bxg3 23.hxg3 Re8 24.Ne5 Nc4 25.g4 Bf7 26.Nb5 Rce7 27.b3 Nd6 28.Nxd6 Qxd6 
29.Qd3 Rf8 30.Qc2 h5 31.gxh5 Bxh5 32.Qc5 Qd8 33.Bg6 Rg7 34.Bxh5 Nxh5 35.
Ng4 Nf4 36.Re3 Qe8 37.Qd6 Qh5 38.Rc8 Rf7 39.Rxf8+ Rxf8 40.g3 Rc8 41.Nf6+ 
1-0

[Event "First Lady's Cup"]
[Site "Yogyakarta INA"]
[Date "1983.11.24"]
[Round "9"]
[White "Henley, Ronald Watson"]
[Black "Radulov, Ivan"]
[Result "1/2-1/2"]
[WhiteElo "2525"]
[BlackElo "2490"]
[EventDate "1983.11.13"]
[PlyCount "31"]

1.d4 d5 2.Nf3 Nf6 3.c4 e6 4.Bg5 Be7 5.e3 O-O 6.Nc3 b6 7.Rc1 Bb7 8.Bxf6 
Bxf6 9.cxd5 exd5 10.b4 c6 11.Qb3 Qd6 12.Bd3 Nd7 13.O-O Be7 14.Rb1 f5 15.
Rfd1 Kh8 16.b5 1/2-1/2

[Event "First Lady's Cup"]
[Site "Yogyakarta INA"]
[Date "1983.11.24"]
[Round "9"]
[White "Yusupov, Artur"]
[Black "Kurajica, Bojan"]
[Result "1/2-1/2"]
[WhiteElo "2555"]
[BlackElo "2525"]
[EventDate "1983.11.13"]
[PlyCount "64"]

1.d4 Nf6 2.c4 e6 3.Nf3 Bb4+ 4.Bd2 Bxd2+ 5.Qxd2 O-O 6.Nc3 d5 7.e3 Nbd7 8.
Rc1 dxc4 9.Bxc4 c5 10.O-O Nb6 11.Be2 cxd4 12.Rfd1 Bd7 13.Qxd4 Qe7 14.Ne5 
Rfd8 15.Qh4 Be8 16.Bf3 Qc7 17.Qf4 Rac8 18.g3 Nfd7 19.Nd3 Nf6 20.Ne4 Qxf4 
21.Nxf4 Nxe4 22.Bxe4 Rxc1 23.Rxc1 Rd2 24.Rc7 Kf8 25.Rxb7 e5 26.Nh5 f5 27.
Nxg7 fxe4 28.Nxe8 Kxe8 29.Rxa7 Rxb2 30.Rxh7 Rxa2 31.Rc7 Nd5 32.Rc4 Nf6 
1/2-1/2

[Event "First Lady's Cup"]
[Site "Yogyakarta INA"]
[Date "1983.11.24"]
[Round "9"]
[White "Tarjan, James Edward"]
[Black "Hulak, Krunoslav"]
[Result "0-1"]
[WhiteElo "2535"]
[BlackElo "2530"]
[EventDate "1983.11.13"]
[PlyCount "110"]

1.e4 c5 2.Nf3 e6 3.d4 cxd4 4.Nxd4 Nf6 5.Nc3 d6 6.g4 a6 7.g5 Nfd7 8.Be3 Nc6
9.f4 Be7 10.Qd2 Nxd4 11.Bxd4 e5 12.Be3 exf4 13.Bxf4 Ne5 14.O-O-O Be6 15.h4
Qa5 16.a3 Rc8 17.Nd5 Qxd2+ 18.Rxd2 h6 19.gxh6 gxh6 20.Bh3 Rc4 21.Bf5 Nf3 
22.Rd3 Nd4 23.Bxe6 fxe6 24.Ne3 Ne2+ 25.Kd2 Nxf4 26.Nxc4 Nxd3 27.Kxd3 h5 
28.Na5 b6 29.Nc6 Rg8 30.Nxe7 Kxe7 31.Rh3 Rg4 32.c4 Kd7 33.b4 Kc6 34.Ke3 b5
35.cxb5+ axb5 36.Rh2 Kd7 37.Kf3 Ke7 38.Rc2 Rxh4 39.Rc7+ Kf6 40.Rb7 Rh3+ 
41.Kf2 Rxa3 42.Rxb5 h4 43.e5+ dxe5 44.Rb8 Rb3 45.b5 Kf5 46.b6 Ke4 47.b7 
Rb2+ 48.Kf1 Ke3 49.Rh8 Rb1+ 50.Kg2 Rxb7 51.Rxh4 e4 52.Kf1 Kd3 53.Rh8 Rb1+ 
54.Kg2 e3 55.Rd8+ Ke4 0-1

[Event "First Lady's Cup"]
[Site "Yogyakarta INA"]
[Date "1983.11.24"]
[Round "9"]
[White "Kovacevic, Vladimir"]
[Black "Timman, Jan"]
[Result "0-1"]
[WhiteElo "2540"]
[BlackElo "2605"]
[EventDate "1983.11.13"]
[PlyCount "114"]

1.d4 Nf6 2.Nf3 d5 3.Bf4 Bg4 4.Nbd2 e6 5.e3 Bd6 6.Bxd6 Qxd6 7.c4 Nbd7 8.Qb3
Rb8 9.h3 Bh5 10.cxd5 exd5 11.Rc1 O-O 12.Bd3 c6 13.O-O Rfe8 14.Nh4 Bg6 15.
Nxg6 hxg6 16.Rc3 a6 17.Qc2 g5 18.Qd1 g6 19.Qf3 Kg7 20.Rb1 Rh8 21.Nf1 Qe6 
22.Ng3 Rh4 23.Rb3 Ne4 24.Bxe4 dxe4 25.Qe2 Nf6 26.Rc1 g4 27.hxg4 Rxg4 28.
Rc5 Nd7 29.Ra5 Rh4 30.Qc2 Qg4 31.Rb4 Nf6 32.Re5 Nh5 33.Nxe4 Rh8 34.Rxh5 
Qxh5 35.f3 Rh1+ 36.Kf2 Qh4+ 37.Ng3 Rh2 38.Qe4 Qh3 39.f4 Re8 40.Qf3 Qd7 41.
Rb3 Rh4 42.Ne4 Qe7 43.Nc5 Rh1 44.Ke2 Qh4 45.Nd3 Re7 46.Rc3 Ra1 47.Nc1 Rb1 
48.Rc2 Qf6 49.Kd2 c5 50.Qd5 Qh4 51.Nd3 Qg4 52.dxc5 Rd1+ 53.Kc3 Rd7 54.Ne5 
R7xd5 55.Nxg4 Rxc5+ 56.Kb3 Rxc2 57.Kxc2 Rg1 0-1

[Event "First Lady's Cup"]
[Site "Yogyakarta INA"]
[Date "1983.11.24"]
[Round "9"]
[White "Ardiansyah"]
[Black "Torre, Eugenio"]
[Result "0-1"]
[WhiteElo "2450"]
[BlackElo "2570"]
[EventDate "1983.11.13"]
[PlyCount "92"]

1.d4 Nf6 2.c4 e6 3.Nf3 d5 4.Bg5 h6 5.Bxf6 Qxf6 6.Nc3 c6 7.e3 Nd7 8.a3 Qd8 
9.Qd2 Be7 10.Bd3 O-O 11.cxd5 exd5 12.O-O Bd6 13.Rad1 Re8 14.Rfe1 Nf6 15.
Qc2 Bg4 16.h3 Bxf3 17.gxf3 Nh5 18.f4 Qh4 19.Bf1 Re6 20.Bg2 Rae8 21.Kf1 g5 
22.f5 R6e7 23.e4 dxe4 24.Rxe4 Rxe4 25.Nxe4 Qf4 26.Qd3 Kg7 27.d5 cxd5 28.
Qxd5 Rxe4 29.Bxe4 Ng3+ 30.Ke1 Nxe4 31.Rd4 Qc1+ 32.Rd1 Qc2 33.f6+ Kxf6 34.
Rd4 Qc1+ 35.Rd1 Qc2 36.Rd4 Qxf2+ 37.Kd1 Qf1+ 38.Kc2 Qe2+ 39.Kb1 Be5 40.
Qxe4 Qf1+ 41.Ka2 Bxd4 42.Qxd4+ Kg6 43.Qxa7 Qc4+ 44.Ka1 Qe4 45.Qb6+ Kh5 46.
Qf2 f5 0-1

[Event "First Lady's Cup"]
[Site "Yogyakarta INA"]
[Date "1983.11.24"]
[Round "9"]
[White "Portisch, Lajos"]
[Black "Andersson, Ulf"]
[Result "1-0"]
[WhiteElo "2600"]
[BlackElo "2640"]
[EventDate "1983.11.13"]
[PlyCount "97"]

1.d4 Nf6 2.c4 e6 3.Nf3 Bb4+ 4.Bd2 Bxd2+ 5.Qxd2 O-O 6.g3 b6 7.Bg2 Bb7 8.O-O
d6 9.Qc2 c5 10.Nc3 cxd4 11.Nxd4 Bxg2 12.Kxg2 Qc8 13.b3 Nc6 14.Rfd1 d5 15.
cxd5 Nb4 16.Qd2 Nbxd5 17.Nxd5 Qb7 18.Kg1 Nxd5 19.Rac1 h6 20.Nf5 Nf6 21.Nd6
Qe7 22.e4 Rad8 23.Rc4 Rd7 24.Rd4 Rfd8 25.e5 Nd5 26.Rg4 Kh8 27.Rc4 Kg8 28.
Rdc1 Nc7 29.Rg4 Kh7 30.Rd4 Qg5 31.Qxg5 hxg5 32.Nxf7 Rxd4 33.Nxd8 Rd7 34.
Rc6 Rxd8 35.Rxc7 Rd5 36.Rxa7 Rxe5 37.Ra6 Rb5 38.Kg2 Kg6 39.Kf3 Kf6 40.h3 
Rf5+ 41.Ke3 Re5+ 42.Kd3 Rd5+ 43.Kc3 Rf5 44.Rxb6 Rxf2 45.a4 Rf3+ 46.Kd4 
Rxg3 47.a5 Rxh3 48.a6 Rh1 49.Rb4 1-0

[Event "First Lady's Cup"]
[Site "Yogyakarta INA"]
[Date "1983.11.24"]
[Round "9"]
[White "Utut Adianto"]
[Black "Adorjan, Andras"]
[Result "0-1"]
[WhiteElo "2385"]
[BlackElo "2535"]
[EventDate "1983.11.13"]
[PlyCount "92"]

1.d4 Nf6 2.Nf3 e6 3.c4 b6 4.g3 Ba6 5.Nbd2 Bb7 6.Bg2 Be7 7.O-O O-O 8.b3 c5 
9.dxc5 bxc5 10.Bb2 d6 11.Qc2 Nbd7 12.e4 Qc7 13.Rfe1 Rfd8 14.Rad1 h6 15.h3 
Nh7 16.Nf1 Bf6 17.Bc1 Be7 18.g4 Ne5 19.Ng3 Nf8 20.Nh5 Nxf3+ 21.Bxf3 e5 22.
Ng3 Ne6 23.Nf5 Bg5 24.Bg2 Rd7 25.h4 Bf4 26.Qc3 Bxc1 27.Rxc1 Kh7 28.Qg3 g6 
29.Ne3 Nf4 30.Rc2 a5 31.Nd5 Bxd5 32.exd5 f5 33.Kh2 Rg7 34.Bh3 Rf8 35.Rg1 
Qe7 36.Rd2 Rff7 37.a3 Qf8 38.Rb2 Nxh3 39.Qxh3 fxg4 40.Qxg4 Rf4 41.Qg3 Qf6 
42.Rg2 Rxh4+ 43.Kg1 Rd4 44.Rb1 Qf5 45.Re1 Rf7 46.Qc3 Qh5 0-1

[Event "First Lady's Cup"]
[Site "Yogyakarta INA"]
[Date "1983.11.24"]
[Round "9"]
[White "Ljubojevic, Ljubomir"]
[Black "Romanishin, Oleg"]
[Result "1-0"]
[WhiteElo "2645"]
[BlackElo "2575"]
[EventDate "1983.11.13"]
[PlyCount "113"]

1.e4 c5 2.Nf3 e6 3.d4 cxd4 4.Nxd4 Nc6 5.Nb5 d6 6.c4 Nf6 7.N1c3 a6 8.Na3 
Be7 9.Be2 O-O 10.O-O b6 11.Be3 Bb7 12.f3 Ne5 13.Qb3 Ned7 14.Rfd1 Rc8 15.
Rd2 Re8 16.Bf2 Qc7 17.Rb1 d5 18.exd5 exd5 19.Nxd5 Bxd5 20.cxd5 b5 21.Nc2 
Bd6 22.g3 Nc5 23.Qc3 Qe7 24.Qd4 Nce4 25.fxe4 Bc5 26.d6 Qe6 27.d7 Bxd4 28.
dxe8=Q+ Qxe8 29.Nxd4 Nxe4 30.Rd3 Nxf2 31.Kxf2 g6 32.Rbd1 Qe7 33.Bf3 Rc7 
34.Kg2 Qe5 35.b4 h5 36.h4 Kh7 37.R1d2 Qe1 38.Ne2 Qb1 39.Nc3 Qc1 40.Ne4 Rc2
41.Rxc2 Qxc2+ 42.Rd2 Qa4 43.Ng5+ Kg7 44.Rd7 Qxa2+ 45.Kh3 Kf6 46.Rxf7+ Ke5 
47.Rd7 Qc4 48.Re7+ Kd6 49.Re4 Qb3 50.Bg2 Qa2 51.Re6+ Kd7 52.Rxg6 Qb2 53.
Ne4 Ke7 54.Rxa6 Qxb4 55.Nf6 Qc5 56.Rc6 Qf5+ 57.Kh2 1-0

[Event "First Lady's Cup"]
[Site "Yogyakarta INA"]
[Date "1983.11.24"]
[Round "9"]
[White "Handoko, Edhi"]
[Black "Schmidt, Wlodzimierz"]
[Result "0-1"]
[WhiteElo "2420"]
[BlackElo "2450"]
[EventDate "1983.11.13"]
[PlyCount "62"]

1.e4 c5 2.Nf3 d6 3.d4 cxd4 4.Nxd4 Nf6 5.Nc3 e6 6.Be2 Be7 7.O-O O-O 8.f4 
Nc6 9.Kh1 Bd7 10.Be3 a6 11.Qe1 b5 12.a3 Nxd4 13.Bxd4 Bc6 14.Qg3 Qc7 15.e5 
dxe5 16.Bxe5 Qb7 17.f5 exf5 18.Rxf5 Ne8 19.Bd3 g6 20.Rf2 Ng7 21.Bxg7 Kxg7 
22.Ne2 Rae8 23.Nf4 Bc5 24.Nh5+ Kh8 25.Qg5 f5 26.Rff1 gxh5 27.Rxf5 Rxf5 28.
Bxf5 Qg7 29.Qd2 Qxb2 30.Rf1 Qe5 31.Qg5 Rg8 0-1

[Event "First Lady's Cup"]
[Site "Yogyakarta INA"]
[Date "1983.11.??"]
[Round "10"]
[White "Hulak, Krunoslav"]
[Black "Henley, Ronald Watson"]
[Result "0-1"]
[WhiteElo "2530"]
[BlackElo "2525"]
[EventDate "1983.11.13"]
[PlyCount "88"]

1.d4 Nf6 2.Nf3 g6 3.g3 Bg7 4.Bg2 O-O 5.c4 d5 6.cxd5 Nxd5 7.O-O Nb6 8.Nc3 
Nc6 9.e3 e5 10.d5 Ne7 11.e4 Bg4 12.a4 c6 13.a5 Nc4 14.Qb3 Nxa5 15.Qa2 b6 
16.b4 Nb7 17.Bg5 c5 18.bxc5 Nxc5 19.Nd2 h6 20.Be3 Nb7 21.h3 Bd7 22.Nc4 Nc8
23.Qd2 Ncd6 24.Nxd6 Nxd6 25.Bxh6 Bxh6 26.Qxh6 Qf6 27.Qe3 Rfc8 28.Rfc1 Nc4 
29.Qe1 b5 30.Bf1 Kg7 31.Nd1 a6 32.Rc3 Nd6 33.Rca3 Nb7 34.f4 a5 35.Nf2 Re8 
36.Rf3 b4 37.Kg2 Nc5 38.Rc1 Rac8 39.Qe3 Qd6 40.f5 gxf5 41.Rxc5 Rxc5 42.
exf5 f6 43.Bd3 Qxd5 44.Ne4 Bc6 0-1

[Event "First Lady's Cup"]
[Site "Yogyakarta INA"]
[Date "1983.11.??"]
[Round "10"]
[White "Handoko, Edhi"]
[Black "Ardiansyah"]
[Result "1/2-1/2"]
[WhiteElo "2420"]
[BlackElo "2450"]
[EventDate "1983.11.13"]
[PlyCount "62"]

1.e4 d6 2.d4 Nf6 3.Nc3 g6 4.Nf3 Bg7 5.Be2 O-O 6.O-O c6 7.a4 Qc7 8.h3 e5 9.
Bg5 h6 10.Be3 exd4 11.Bxd4 Nbd7 12.Re1 Ne5 13.Qd2 Be6 14.Be3 Kh7 15.Nd4 
Rad8 16.f4 Bc8 17.Nb3 Ned7 18.a5 b5 19.axb6 Nxb6 20.Ra5 d5 21.e5 Nc4 22.
Bxc4 dxc4 23.Rxa7 Qb8 24.Qf2 cxb3 25.exf6 Bxf6 26.Ne4 Bg7 27.c3 Rfe8 28.
Nf6+ Bxf6 29.Rxf7+ Bg7 30.Bd4 Rxe1+ 31.Qxe1 Rxd4 1/2-1/2

[Event "First Lady's Cup"]
[Site "Yogyakarta INA"]
[Date "1983.11.??"]
[Round "10"]
[White "Gunawan, Ronny"]
[Black "Portisch, Lajos"]
[Result "0-1"]
[WhiteElo "2400"]
[BlackElo "2600"]
[EventDate "1983.11.13"]
[PlyCount "78"]

1.d4 Nf6 2.c4 e6 3.Nf3 b6 4.g3 Ba6 5.b3 Bb4+ 6.Bd2 Be7 7.Bg2 c6 8.O-O d5 
9.Ne5 Nfd7 10.Nxd7 Qxd7 11.cxd5 cxd5 12.Re1 Nc6 13.Bc3 O-O 14.Nd2 Rac8 15.
a3 Rc7 16.Nf3 Rfc8 17.Bd2 Bd6 18.Bh3 Ne7 19.e4 dxe4 20.Ng5 Nf5 21.d5 Be7 
22.dxe6 fxe6 23.Nxe4 Rc2 24.Be3 Qc6 25.Qg4 Bb7 26.Bg2 Kh8 27.Bf3 Qe8 28.
Bf4 Bd5 29.Nd2 Bxf3 30.Nxf3 Bc5 31.Rf1 a5 32.Be5 Bf8 33.Rae1 R8c6 34.h4 
Kg8 35.Ba1 Qc8 36.Ne5 Rc7 37.Nd3 Bxa3 38.Kg2 Bd6 39.Qe4 Nxg3 0-1

[Event "First Lady's Cup"]
[Site "Yogyakarta INA"]
[Date "1983.11.??"]
[Round "10"]
[White "Schmidt, Wlodzimierz"]
[Black "Kurajica, Bojan"]
[Result "1/2-1/2"]
[WhiteElo "2450"]
[BlackElo "2525"]
[EventDate "1983.11.13"]
[PlyCount "55"]

1.d4 Nf6 2.c4 e6 3.Nf3 b6 4.a3 Bb7 5.Nc3 d5 6.cxd5 Nxd5 7.e3 g6 8.Nxd5 
Qxd5 9.b4 Bg7 10.Bb2 O-O 11.Rc1 Rc8 12.Bc4 Qf5 13.Bd3 Qg4 14.O-O Nd7 15.h3
Qh5 16.Be2 c5 17.Ba1 cxb4 18.Rxc8+ Rxc8 19.axb4 Bxf3 20.Bxf3 Qb5 21.Qd2 
Nf6 22.Be2 Qa4 23.b5 Ne4 24.Qd1 Qa2 25.Bd3 Nc3 26.Bxc3 Rxc3 27.Re1 Bf8 28.
Bf1 1/2-1/2

[Event "First Lady's Cup"]
[Site "Yogyakarta INA"]
[Date "1983.11.??"]
[Round "10"]
[White "Miolo, Ediwan Ermansyah"]
[Black "Ljubojevic, Ljubomir"]
[Result "0-1"]
[WhiteElo "2405"]
[BlackElo "2645"]
[EventDate "1983.11.13"]
[PlyCount "90"]

1.Nf3 c5 2.c4 Nf6 3.Nc3 e6 4.g3 b6 5.Bg2 Bb7 6.O-O Be7 7.d4 cxd4 8.Qxd4 d6
9.b3 Nbd7 10.Bb2 a6 11.Rad1 O-O 12.e4 Qc7 13.Rfe1 Rfd8 14.h3 Bf8 15.Qe3 
Rac8 16.Nh2 Bc6 17.g4 b5 18.cxb5 axb5 19.g5 Ne8 20.Ng4 Qb6 21.Qg3 Ne5 22.
Nxe5 dxe5 23.Ne2 Bb4 24.Rf1 Qb7 25.Qg4 Bd6 26.h4 b4 27.Rd2 Bc5 28.Rxd8 
Rxd8 29.Bxe5 Bb5 30.h5 Qa6 31.Bf3 Qxa2 32.g6 Qxb3 33.gxf7+ Kxf7 34.Rc1 
Rd1+ 35.Rxd1 Qxd1+ 36.Kg2 Qe1 37.Bd4 Nf6 38.Bxf6 Qxf2+ 39.Kh3 Qf1+ 40.Kh2 
gxf6 41.h6 Bd6+ 42.Nf4 Qf2+ 43.Kh1 Qe1+ 44.Kg2 Bf1+ 45.Kh2 Bxf4+ 0-1

[Event "First Lady's Cup"]
[Site "Yogyakarta INA"]
[Date "1983.11.??"]
[Round "10"]
[White "Torre, Eugenio"]
[Black "Lobron, Eric"]
[Result "1-0"]
[WhiteElo "2570"]
[BlackElo "2480"]
[EventDate "1983.11.13"]
[PlyCount "102"]

1.Nf3 c5 2.e4 e6 3.d3 Nc6 4.g3 d5 5.Nbd2 Nge7 6.Bg2 g6 7.O-O Bg7 8.Re1 b6 
9.e5 h6 10.c3 g5 11.d4 cxd4 12.cxd4 g4 13.Nh4 h5 14.Nb3 f5 15.Bg5 Kf7 16.
Nc1 Bd7 17.Ne2 Qf8 18.Nf4 Bh6 19.Bxh6 Qxh6 20.Rc1 Rhc8 21.Bf1 a5 22.Bb5 
Ra7 23.Bxc6 Bxc6 24.Qb3 Rb7 25.Qa3 Rbc7 26.Qc3 Rb7 27.Qe3 Rbc7 28.Qc3 Rb7 
29.Qb3 Qf8 30.Nxh5 Ng6 31.Nxg6 Kxg6 32.Nf4+ Kf7 33.Rc3 Bd7 34.Rec1 Rxc3 
35.Rxc3 a4 36.Qc2 Qb4 37.Qd2 a3 38.bxa3 Qa5 39.Qb2 Bb5 40.Kg2 Bc4 41.h3 
gxh3+ 42.Nxh3 Ke8 43.Nf4 Qa4 44.Rc1 Qc6 45.Rh1 Re7 46.a4 Kd7 47.a3 Ba6 48.
Qb4 Rf7 49.Rh6 Kc8 50.Nxe6 Bf1+ 51.Kh2 f4 1-0

[Event "First Lady's Cup"]
[Site "Yogyakarta INA"]
[Date "1983.11.??"]
[Round "10"]
[White "Romanishin, Oleg"]
[Black "Utut Adianto"]
[Result "1-0"]
[WhiteElo "2575"]
[BlackElo "2385"]
[EventDate "1983.11.13"]
[PlyCount "73"]

1.Nf3 Nf6 2.g3 g6 3.Bg2 Bg7 4.c4 O-O 5.d4 d6 6.O-O Nbd7 7.Qc2 e5 8.Rd1 c6 
9.dxe5 dxe5 10.Nxe5 Qe7 11.Nxd7 Bxd7 12.Nc3 Rfe8 13.Bf4 Bf5 14.Qb3 Ng4 15.
h3 Nxf2 16.Kxf2 g5 17.g4 Bxg4 18.hxg4 Qf6 19.Bf3 Qxf4 20.Rh1 Re6 21.Qc2 h6
22.Kg2 Qxc4 23.Qa4 Qc5 24.Ne4 Qe5 25.Ng3 Rae8 26.Qc2 a5 27.Rad1 Bf8 28.Nf5
Rf6 29.b3 b5 30.Rd7 c5 31.Qd3 Qb2 32.Qd2 Qe5 33.Rd8 Kh7 34.Rxe8 Qxe8 35.
Qxg5 Qe5 36.Qe3 Rxf5 37.Qd3 1-0

[Event "First Lady's Cup"]
[Site "Yogyakarta INA"]
[Date "1983.11.??"]
[Round "10"]
[White "Adorjan, Andras"]
[Black "Tarjan, James Edward"]
[Result "1/2-1/2"]
[WhiteElo "2535"]
[BlackElo "2535"]
[EventDate "1983.11.13"]
[PlyCount "54"]

1.c4 e6 2.Nc3 d5 3.d4 c5 4.cxd5 exd5 5.Nf3 Nc6 6.g3 Nf6 7.Bg2 Be7 8.O-O 
O-O 9.Bg5 cxd4 10.Nxd4 h6 11.Be3 Re8 12.Qc2 Bg4 13.h3 Be6 14.Rad1 Rc8 15.
Kh2 Bb4 16.Qb3 Qe7 17.Ncb5 a6 18.Nxe6 fxe6 19.Nd4 Bc5 20.Nxc6 Rxc6 21.Bd2 
Rec8 22.Bc3 Rb6 23.Qc2 Rc7 24.Qg6 Bb4 25.Be5 Bd6 26.Bc3 Bb4 27.Be5 Bd6 
1/2-1/2

[Event "First Lady's Cup"]
[Site "Yogyakarta INA"]
[Date "1983.11.??"]
[Round "10"]
[White "Andersson, Ulf"]
[Black "Kovacevic, Vladimir"]
[Result "1/2-1/2"]
[WhiteElo "2640"]
[BlackElo "2540"]
[EventDate "1983.11.13"]
[PlyCount "188"]

1.Nf3 Nf6 2.c4 d6 3.d4 Bg4 4.Nc3 Nbd7 5.e4 e5 6.Be2 Be7 7.Be3 O-O 8.h3 
Bxf3 9.Bxf3 c6 10.Qd2 a6 11.a3 b5 12.Be2 Qb8 13.O-O Re8 14.Rfd1 exd4 15.
Bxd4 b4 16.axb4 Qxb4 17.Ra4 Qb7 18.b4 Rad8 19.Rb1 Qc8 20.Be3 Bf8 21.f3 Nb8
22.Bf1 Qe6 23.Bf2 h6 24.Ra5 Be7 25.Ne2 Qc8 26.Qa2 Rd7 27.Ng3 Rb7 28.Nf5 
Bf8 29.Qa1 Nfd7 30.c5 dxc5 31.bxc5 Rxb1 32.Qxb1 Qd8 33.Qb4 Re5 34.Bd4 Re6 
35.Qc3 g6 36.Ne3 Qg5 37.Kh1 Ne5 38.Ra1 Qf4 39.Rb1 Nbd7 40.Bxa6 Nxf3 41.
gxf3 Qxf3+ 42.Ng2 Qxc3 43.Bxc3 Nxc5 44.Bf1 Nxe4 45.Bd4 c5 46.Be3 Ng3+ 47.
Kg1 Nxf1 48.Kxf1 Kg7 49.Rc1 Re5 50.Kf2 Rf5+ 51.Ke2 Bd6 52.Rc4 Rh5 53.h4 
Kf6 54.Ra4 g5 55.Kf3 gxh4 56.Nxh4 Ke6 57.Kg4 Rd5 58.Ng2 h5+ 59.Kf3 Be5 60.
Ke4 f6 61.Ra8 c4 62.Rc8 c3 63.Nf4+ Bxf4 64.Bxf4 Ra5 65.Rxc3 Ra4+ 66.Kf3 
Kf5 67.Be3 Ra6 68.Rc1 Kg6 69.Bd4 Kf5 70.Rc5+ Kg6 71.Ke4 Re6+ 72.Kf4 Rd6 
73.Bc3 Ra6 74.Rc4 Rb6 75.Ra4 Rc6 76.Bd4 Rd6 77.Bc5 Rc6 78.Ra5 Rc8 79.Bd4 
Rc6 80.Ra1 Rd6 81.Ke4 Kg7 82.Ra7+ Kg6 83.Ra5 Re6+ 84.Kd5 Re1 85.Ra6 Rf1 
86.Ke4 Re1+ 87.Kf3 Rf1+ 88.Bf2 Rd1 89.Be3 Rd5 90.Ke4 Re5+ 91.Kd3 Kf7 92.
Ra1 Re8 93.Bd4 Re6 94.Kc4 Re4 1/2-1/2

[Event "First Lady's Cup"]
[Site "Yogyakarta INA"]
[Date "1983.11.??"]
[Round "11"]
[White "Ardiansyah"]
[Black "Schmidt, Wlodzimierz"]
[Result "0-1"]
[WhiteElo "2450"]
[BlackElo "2450"]
[EventDate "1983.11.13"]
[PlyCount "78"]

1.d4 Nf6 2.c4 c5 3.d5 d6 4.Nc3 g6 5.e4 Bg7 6.Nf3 O-O 7.Be2 e6 8.O-O Re8 9.
Nd2 Na6 10.dxe6 Bxe6 11.f4 Bd7 12.Bf3 Bc6 13.Re1 Qb6 14.Nb3 Rad8 15.Bd2 
Nb4 16.Re2 Qa6 17.Nd5 Bxd5 18.cxd5 Nd3 19.Qc2 c4 20.Na5 Nxd5 21.Qxc4 Qb6+ 
22.Kf1 N5xf4 23.Re3 d5 24.Qb3 Nc5 25.Qxb6 axb6 26.exd5 Rxe3 27.Bxe3 Nxd5 
28.Bxc5 bxc5 29.Nxb7 Ne3+ 30.Kf2 Rd2+ 31.Kg3 Bxb2 32.Rb1 c4 33.Re1 Nf5+ 
34.Kh3 c3 35.Na5 c2 36.Nb3 Rd3 37.Nc1 Ra3 38.Kg4 Bxc1 39.Rxc1 Ra4+ 0-1

[Event "First Lady's Cup"]
[Site "Yogyakarta INA"]
[Date "1983.11.??"]
[Round "11"]
[White "Henley, Ronald Watson"]
[Black "Adorjan, Andras"]
[Result "1/2-1/2"]
[WhiteElo "2525"]
[BlackElo "2535"]
[EventDate "1983.11.13"]
[PlyCount "32"]

1.e4 e5 2.Nf3 Nf6 3.Nxe5 d6 4.Nf3 Nxe4 5.d4 d5 6.Bd3 Nc6 7.O-O Be7 8.Re1 
Bf5 9.Nbd2 Nxd2 10.Qxd2 Bxd3 11.Qxd3 O-O 12.Bf4 h6 13.c3 a6 14.Re2 Qd7 15.
Rae1 Rae8 16.h3 Bd8 1/2-1/2

[Event "First Lady's Cup"]
[Site "Yogyakarta INA"]
[Date "1983.11.??"]
[Round "11"]
[White "Ljubojevic, Ljubomir"]
[Black "Timman, Jan"]
[Result "1/2-1/2"]
[WhiteElo "2645"]
[BlackElo "2605"]
[EventDate "1983.11.13"]
[PlyCount "55"]

1.e4 e5 2.Nf3 Nc6 3.Bb5 a6 4.Ba4 Nf6 5.O-O Nxe4 6.d4 b5 7.Bb3 d5 8.dxe5 
Be6 9.c3 Bc5 10.Nbd2 O-O 11.Bc2 Bf5 12.Nb3 Bg6 13.Nfd4 Bxd4 14.cxd4 a5 15.
Be3 a4 16.Nd2 a3 17.Nxe4 axb2 18.Rb1 Bxe4 19.Rxb2 Qd7 20.Bd3 Bxd3 21.Qxd3 
Rfb8 22.Rfb1 b4 23.a3 f6 24.axb4 fxe5 25.b5 Nxd4 26.Bxd4 exd4 27.Qxd4 Rb6 
28.h3 1/2-1/2

[Event "First Lady's Cup"]
[Site "Yogyakarta INA"]
[Date "1983.11.??"]
[Round "11"]
[White "Utut Adianto"]
[Black "Miolo, Ediwan Ermansyah"]
[Result "1/2-1/2"]
[WhiteElo "2385"]
[BlackElo "2405"]
[EventDate "1983.11.13"]
[PlyCount "22"]

1.d4 Nf6 2.Nf3 d5 3.c4 c6 4.Nc3 g6 5.e3 Bg7 6.Be2 O-O 7.O-O Nbd7 8.b3 b6 
9.cxd5 Nxd5 10.Nxd5 cxd5 11.Bb2 Qc7 1/2-1/2

[Event "First Lady's Cup"]
[Site "Yogyakarta INA"]
[Date "1983.11.??"]
[Round "11"]
[White "Lobron, Eric"]
[Black "Handoko, Edhi"]
[Result "1-0"]
[WhiteElo "2480"]
[BlackElo "2420"]
[EventDate "1983.11.13"]
[PlyCount "153"]

1.e4 e5 2.Nf3 Nf6 3.Nxe5 d6 4.Nf3 Nxe4 5.d4 d5 6.Bd3 Be7 7.O-O Bg4 8.Re1 
Nc6 9.c4 Bxf3 10.Qxf3 Nxd4 11.Qe3 Nf5 12.Qh3 Nfd6 13.cxd5 Nf6 14.Bg5 Nxd5 
15.Nc3 Kf8 16.Rxe7 Nxe7 17.Nd5 Nxd5 18.Bxd8 Rxd8 19.Qh4 Nf6 20.Qd4 a6 21.
Rc1 Rd7 22.Be2 h5 23.Bf3 Rh6 24.Qa7 c6 25.Rd1 Re7 26.h4 Nfe8 27.Qc5 Rhe6 
28.Qxh5 Nf6 29.Qa5 Nfe8 30.Qb4 Kg8 31.b3 Kf8 32.a4 Kg8 33.Qa5 Re5 34.Qd8 
R7e6 35.Bg4 f5 36.Bh5 g6 37.Bf3 Nf7 38.Qb8 Re7 39.Rd4 Kg7 40.Kh2 R5e6 41.
Qf4 Nf6 42.h5 Ne5 43.hxg6 Kxg6 44.g3 c5 45.Rd8 Rb6 46.Rh8 Nf7 47.Bh5+ Nxh5
48.Rxh5 Re5 49.Qh4 Rb4 50.Qh3 Rxb3 51.Kg2 Rb4 52.Rh7 f4 53.g4 Rd4 54.Qb3 
f3+ 55.Kg3 Red5 56.Qb1+ Rd3 57.Rh5 Rd6 58.Qxb7 R3d4 59.Qb1+ Rd3 60.Qb8 Kg7
61.Rxc5 Rf6 62.Qb2 Kg6 63.Qc2 Rd6 64.Rc6 Kg7 65.Rxd6 Rxd6 66.Qc3+ Rf6 67.
Kh4 Kg6 68.Qa5 Kg7 69.g5 Rd6 70.Kh5 Re6 71.Qc3+ Re5 72.Kh4 a5 73.Qd4 Kg6 
74.Qb6+ Kg7 75.Qf6+ Kg8 76.Qxf3 Nxg5 77.Qg4 1-0

[Event "First Lady's Cup"]
[Site "Yogyakarta INA"]
[Date "1983.11.??"]
[Round "11"]
[White "Kurajica, Bojan"]
[Black "Radulov, Ivan"]
[Result "1/2-1/2"]
[WhiteElo "2525"]
[BlackElo "2490"]
[EventDate "1983.11.13"]
[PlyCount "30"]

1.d4 d5 2.c4 e6 3.Nc3 Nf6 4.Nf3 Be7 5.Bg5 O-O 6.e3 b6 7.cxd5 Nxd5 8.Bxe7 
Qxe7 9.Nxd5 exd5 10.Be2 Be6 11.O-O c5 12.Ne5 Nd7 13.Nxd7 Qxd7 14.dxc5 bxc5
15.Rc1 Rac8 1/2-1/2

[Event "First Lady's Cup"]
[Site "Yogyakarta INA"]
[Date "1983.11.??"]
[Round "11"]
[White "Tarjan, James Edward"]
[Black "Romanishin, Oleg"]
[Result "1/2-1/2"]
[WhiteElo "2535"]
[BlackElo "2575"]
[EventDate "1983.11.13"]
[PlyCount "50"]

1.d4 Nf6 2.c4 g6 3.Nc3 d5 4.cxd5 Nxd5 5.e4 Nxc3 6.bxc3 Bg7 7.Bc4 c5 8.Ne2 
Nc6 9.Be3 O-O 10.O-O Bd7 11.Rc1 Na5 12.Bd3 Qc7 13.Nf4 Bc6 14.e5 Rad8 15.
Qg4 b5 16.h4 Qd7 17.Qg3 Bd5 18.Bb1 Be6 19.Nd3 Nb7 20.Nxc5 Nxc5 21.dxc5 Bf5
22.Bd4 a6 23.c6 Qe6 24.Bxf5 Qxf5 25.a4 bxa4 1/2-1/2